1810 1406 1427 1085 1858 1194 1173 1479 1254 1746 1821 1052 1076 1590 1160 1832 1223 1069 1269 1826 1657 1026 1607 1722 1572 1362 1028 1931 1748 1624 1637 1878 1695 1510 1101 1089 1355 1589 1621 1823 1777 1585 1600 1909 1036 1254 1990 1532 1079 1647 1378 1940 1853 1695 1838 1666 1703 1419 1767 1649 1862 1476 1035 1534 1051 1295 1917 1162 1763 1243 1375 1215 1161 1381 1963 1732 1934 1674 1216 1082 1387 1697 1613 1074 1716 1976 1227 1170 1825 1317 1581 1611 1256 1482 1491 1740 1943 1183 1295 BCNSPRNW ULIB Ver.6.0+V

เปลี่ยนเป็นภาษาไทย

Change to English
 แสดงรายละเอียดบรรณานุกรม
  กลับหน้าหลัก

Brief Record : Get Marc (ISO 2709) : E-mail record : QR code < ปิดหน้าต่าง
LEADER : 00000nam 2200000uu 4500
001    13399128416
003     ULIB
008    230815s2560||||th 000 0 tha d
020    ^a9786161818579
060 04 ^aWV258^bส753ร
100 0  ^aสุจิตรา ประสานสุข
245 10 ^aโรคน้ำในหูไม่เท่ากัน /^cสุจิตรา ประสานสุข
250    ^aพิมพ์ครั้งที่ 1
260    ^aกรุงเทพฯ :^bอัมรินทร์เฮลท์,^c2560.
300    ^a97 หน้า :^bภาพประกอบ ;^c21 ซม.
490 0  ^aชุดชีวิตและสุขภาพ ;^vลำดับที่ 78
650  4 ^aหู
650  4 ^aโรคน้ำในหูไม่เท่ากัน^xการรักษา
650  4 ^aโรคน้ำในหูไม่เท่ากัน^xการดูแลตนเอง
945    ^p160^l0^i010128
945    ^p160^l0^i010129
999    ^aประนอม เกษจรัล
รายการนี้ยังไม่มีแท็ก
คุณยังไม่ได้ล็อกอิน คุณสามารถมีกิจกรรมร่วมกับเว็บไซต์ได้ แต่ต้องล็อกอินก่อน ::
  ล็อกอิน

รายการสื่อสารสนเทศ

ลำดับที่ ประเภท เลขเรียก/บาร์โค้ด สถานที่ สถานะ
1. วิทยาศาสตร์การแพทย์ และสุขภาพ
หนังสือสำรอง
สถานะ=หนังสือสำรอง
WV258 ส753ร ฉ.1 
  Barcode: 010128
ห้องสมุดวิทยาเขตสวรรค์ประชารักษ์
►หนังสือทั่วไป
บนชั้น
2. วิทยาศาสตร์การแพทย์ และสุขภาพ
วิทยาศาสตร์การแพทย์ และสุขภาพ
WV258 ส753ร ฉ.2 
  Barcode: 010129
ห้องสมุดวิทยาเขตสวรรค์ประชารักษ์
►หนังสือทั่วไป
บนชั้น

รายการใกล้เคียง
    ผู้แต่ง [สุจิตรา ประสานสุข]

    หัวเรื่อง [หู]

BibComment


ยังไม่เคยถูกคอมเมนท์

คอมเมนท์ทรัพยากรรายการนี้
  คอมเมนท์: โรคน้ำในหูไม่เท่..


 Copyright 2026. Bcnsprnw @Library